000 00668nam a2200217 i 4500
001 bgj
100 1 _aRUBIN, Rebecca B.
245 1 0 _aCommunication research :
_bstrategies and sources /
_cRebecca B. Rubin, Alan M. Rubin, Linda J. Piele.
260 _aBelmont, Ca :
_bWadsworth Publ.,
_ccop. 1986.
300 _aXVIII, 233 pp ;
_c23 cm.
505 _aIncl indexes : source p. 215, subject p. 229.
650 9 _aCommunication
_xResearch
700 1 _aRUBIN, Alan M.
700 1 _aPIELE, Linda J.
020 _a0534055141 (pbk)
040 _cBPK
041 0 _aeng
920 _a0-534-05514-1 (pbk)
942 _cKS
008 s uk f |000 0 eng
999 _c41290
_d41290
856 _uhttp://koha.tu.koszalin.pl/cgi-bin/koha/opac-detail.pl?biblionumber=41290
_yKatalog online BPK